[Event "Druzynowe Mistrzostw Polski Juniorow - II Liga"]
[Site "Wroclaw"]
[Date "1899-12-30"]
[Round "4.49"]
[White "Bauer, Marika"]
[Black "Pitera, Michal"]
[Result "0-1"]
[WhiteTitle "II"]
[BlackTitle "I"]
[WhiteElo "1142"]
[BlackElo "1794"]

1. e4 c5 2. Nf3 Nc6 3. d4 cxd4 4. Nxd4 g6 5. Nb3 Bg7 6. Nc3 Nf6 7. Be2 O-O 8. O-O
d6 9. Be3 a6 10. a4 Be6 11. f4 Na5 12. Nxa5 Qxa5 13. h3 Qb4 14. Bd4 Nxe4 15. Bxg7
Kxg7 16. Nxe4 Qxe4 17. Bf3 Qb4 18. b3 d5 19. Be2 Qc5+ 20. Kh1 Bf5 21. Bd3 Be4
22. Qd2 Rac8 23. Rac1 Rc6 24. Rfe1 f5 25. Re2 Rfc8 26. Kh2 Qc3 27. Bxe4 Qxd2 28.
Rxd2 dxe4 29. Kg1 Kf6 30. Kf1 Rd6 31. Ke2 Rcd8 32. Rcd1 Rxd2+ 33. Rxd2 Rxd2+ 34.
Kxd2 e5 35. Ke3 exf4+ 36. Kxf4 g5+ 37. Ke3 Ke5 38. c3 f4+ 39. Ke2 h5 40. a5 g4
41. h4 Kd5 42. Kd2 Kc5 43. Ke2 Kb5 44. b4 Kc4 45. Kd2 g3 0-1

[Event "Druzynowe Mistrzostw Polski Juniorow - II Liga"]
[Site "Wroclaw"]
[Date "1899-12-30"]
[Round "4.50"]
[White "Pulit, Kacper"]
[Black "Kraczek, Cezary"]
[Result "1/2-1/2"]
[WhiteTitle "II"]
[BlackTitle "I"]
[WhiteElo "1330"]
[BlackElo "1657"]

1. e4 c5 2. Nf3 a6 3. d4 cxd4 4. Nxd4 Nf6 5. Nc3 e5 6. Nf3 d6 7. Bc4 Be7 8. O-O
Nc6 9. Bg5 Bg4 10. Bxf6 gxf6 11. Be2 Be6 12. Nd2 f5 13. Bc4 Bxc4 14. Nxc4 Nd4
15. exf5 Rc8 16. Ne3 Qd7 17. Ncd5 Rc5 18. Qd3 Rg8 19. c3 Nb5 20. b4 Rc6 21. g3
Nc7 22. f6 Nxd5 23. Nxd5 Bf8 24. Qxh7 Rg6 25. f4 Qf5 26. Qh4 Qd3 27. Rad1 Qc2
28. Qh3 Qxa2 29. fxe5 Rh6 30. Qg2 Qxg2+ 31. Kxg2 1/2-1/2

[Event "Druzynowe Mistrzostw Polski Juniorow - II Liga"]
[Site "Wroclaw"]
[Date "1899-12-30"]
[Round "4.51"]
[White "Rosc, Ignacy"]
[Black "Penar, Marcin"]
[Result "1-0"]
[WhiteTitle "II+"]
[BlackTitle "II"]
[WhiteElo "1527"]
[BlackElo "1296"]

1. d4 d5 2. Bf4 Nf6 3. Nf3 e6 4. e3 Bd6 5. Bg3 O-O 6. Nbd2 b6 7. Bd3 c5 8. c3 Bb7
9. Ne5 c4 10. Bc2 b5 11. O-O Nc6 12. Re1 Bxe5 13. dxe5 Nd7 14. f4 Nb6 15. Qh5
g6 16. Qh3 f5 17. exf6 Qxf6 18. Nf3 Bc8 19. Ng5 Qe7 20. Qh6 Qg7 21. Qxg7+ Kxg7
22. Nf3 a5 23. e4 Bd7 24. exd5 exd5 25. Ne5 Nxe5 26. fxe5 Be6 27. Bf2 Nd7 28.
Bd1 Rad8 29. Bf3 Rf5 30. Bd4 Kg8 31. Re2 Rdf8 32. Bg4 Rf1+ 33. Rxf1 Bxg4 34. Rxf8+
Kxf8 35. Re1 Ke7 36. Kf2 Nb8 37. Ke3 g5 38. Rf1 Nc6 39. Rf6 Be6 40. Rh6 g4 41.
Rxh7+ Bf7 42. Bc5+ Ke8 43. Bd6 d4+ 44. cxd4 c3 45. bxc3 1-0

[Event "Druzynowe Mistrzostw Polski Juniorow - II Liga"]
[Site "Wroclaw"]
[Date "1899-12-30"]
[Round "4.52"]
[White "Schiller, Marcin"]
[Black "Bauer, Maja"]
[Result "1/2-1/2"]
[WhiteTitle "II"]
[BlackTitle "I"]
[WhiteElo "1214"]
[BlackElo "1372"]

1. d4 d5 2. c4 e6 3. Nc3 Nf6 4. Bg5 Be7 5. Nf3 O-O 6. e3 b6 7. Bd3 c5 8. dxc5 bxc5
9. O-O Bb7 10. Qc2 h6 11. Bf4 Nh5 12. Ne2 Nxf4 13. Nxf4 dxc4 14. Bxc4 Bxf3 15.
gxf3 Bd6 16. Qe4 Nd7 17. Nxe6 Bxh2+ 18. Kxh2 fxe6 19. Bxe6+ Kh8 20. Bxd7 Qxd7
21. Rad1 Qf7 22. f4 Qxa2 23. Rc1 Qxb2 24. Rxc5 a5 25. Rf5 Qe2 26. Rxf8+ Rxf8 27.
Qg2 a4 28. Ra1 Qc2 29. Qf1 Ra8 30. Rc1 Qe4 31. Rc7 Qe8 32. Qg2 Qf8 33. Rxg7 Ra5
34. Rg3 a3 35. Qc6 Rc5 36. Qe4 a2 37. Qd4+ Kh7 38. Qd7+ Kh8 39. Qd4+ Kh7 40. Qd7+
Kh8 41. Qd4+ Kh7 42. Qd7+ 1/2-1/2

[Event "Druzynowe Mistrzostw Polski Juniorow - II Liga"]
[Site "Wroclaw"]
[Date "1899-12-30"]
[Round "4.53"]
[White "Fic, Joanna"]
[Black "Bartoszek, Julia"]
[Result "1-0"]
[WhiteTitle "II+"]
[BlackTitle "I"]
[WhiteElo "1057"]
[BlackElo "1285"]

1. e4 c5 2. Nf3 d6 3. d4 cxd4 4. Nxd4 Nf6 5. Nc3 a6 6. f3 e6 7. Be3 Be7 8. Qd2
Nbd7 9. g4 h6 10. O-O-O Qc7 11. h4 b5 12. Be2 Ne5 13. g5 Ng8 14. f4 Nc4 15. Bxc4
bxc4 16. f5 e5 17. Nf3 Bb7 18. Rhg1 h5 19. Nd5 Bxd5 20. Qxd5 Rc8 21. g6 fxg6 22.
fxg6 Bf8 23. Qe6+ Be7 24. Qf7+ Kd8 25. Qxg7 c3 26. b3 Qa5 27. a4 Qb4 28. Rd3 Qa3+
29. Kd1 Bf6 30. Bg5 Bxg5 31. hxg5 Qb2 32. Rxd6+ Ke8 33. Qd7+ Kf8 34. Qf7# 1-0

[Event "Druzynowe Mistrzostw Polski Juniorow - II Liga"]
[Site "Wroclaw"]
[Date "1899-12-30"]
[Round "4.54"]
[White "Kretowicz, Daria"]
[Black "Kucia, Kinga"]
[Result "1/2-1/2"]
[WhiteTitle "I"]
[BlackTitle "I"]
[WhiteElo "1124"]
[BlackElo "1208"]

1. e4 c5 2. Nf3 Nc6 3. d4 cxd4 4. Nxd4 g6 5. Nc3 Bg7 6. Be3 Nf6 7. f3 O-O 8. Qd2
d6 9. O-O-O d5 10. exd5 Nxd5 11. Nxc6 bxc6 12. Bd4 Nxc3 13. Qxc3 Bh6+ 14. Be3
Bxe3+ 15. Qxe3 Qc7 16. g4 Be6 17. Kb1 Qa5 18. a3 Rab8 19. h4 Qb6 20. Qxb6 Rxb6
21. c3 Rfb8 22. Rd2 R6b7 23. Bg2 Rd7 24. Rxd7 Bxd7 25. Rd1 Be6 26. Rd2 Kf8 27.
Kc1 Ke8 28. Kc2 Bb3+ 29. Kc1 Be6 30. Kc2 Bb3+ 31. Kc1 1/2-1/2

[Event "Druzynowe Mistrzostw Polski Juniorow - II Liga"]
[Site "Wroclaw"]
[Date "1899-12-30"]
[Round "4.55"]
[White "Rog, Bartlomiej"]
[Black "Guzik, Michal"]
[Result "1-0"]
[WhiteTitle "k"]
[BlackTitle "II+"]
[WhiteElo "2091"]
[BlackElo "1413"]

1. d3 d5 2. g3 Nf6 3. Bg2 e6 4. Nd2 b6 5. e4 Bb7 6. Qe2 dxe4 7. Nxe4 Nxe4 8. Bxe4
Bxe4 9. dxe4 Bc5 10. Nf3 Nc6 11. Bg5 f6 12. Qb5 Qd7 13. Rd1 Bd6 14. Be3 Ne5 15.
Qxd7+ Nxd7 16. Nd4 e5 17. Nb5 Ke7 18. Ke2 Rhd8 19. Rd3 a6 20. Nc3 c6 21. Na4 b5
22. Nb6 Rab8 23. Nxd7 Kxd7 24. Bd2 b4 25. Rd1 Kc7 26. Be3 Rd7 27. R1d2 Rbd8 28.
c3 bxc3 29. Rxc3 Bb4 30. Rxd7+ Rxd7 31. Rb3 Bd6 32. Rb6 c5 33. Rxa6 Kb7 34. Ra3
Kc6 35. Kd2 Rb7 36. Ra6+ Kc7 37. Kc3 g5 38. Kc4 Rxb2 39. Kd5 Be7 40. Ra7+ Kd8
41. a4 Rb1 42. a5 h5 43. Ke6 1-0

[Event "Druzynowe Mistrzostw Polski Juniorow - II Liga"]
[Site "Wroclaw"]
[Date "1899-12-30"]
[Round "4.56"]
[White "Mastej, Krzysztof"]
[Black "Majdanski, Maksymilian"]
[Result "0-1"]
[WhiteTitle "II"]
[BlackTitle "I++"]
[WhiteElo "1355"]
[BlackElo "1886"]

1. e4 c5 2. Nc3 Nc6 3. f4 g6 4. Nf3 Bg7 5. Bb5 Nd4 6. O-O Nxb5 7. Nxb5 d6 8. d3
a6 9. Nc3 b5 10. Qe1 b4 11. Ne2 e6 12. e5 Ne7 13. Ng3 d5 14. Be3 Qb6 15. c3 bxc3
16. bxc3 Bd7 17. Qf2 Rc8 18. Rfb1 Qa5 19. Bd2 c4 20. dxc4 Rxc4 21. Nd4 O-O 22.
h4 f6 23. Qe3 fxe5 24. fxe5 Qc7 25. Qg5 Bxe5 26. Qxe7 Bf6 27. Nxe6 Qa7+ 28. Kh2
Rxh4# 0-1

[Event "Druzynowe Mistrzostw Polski Juniorow - II Liga"]
[Site "Wroclaw"]
[Date "1899-12-30"]
[Round "4.57"]
[White "Lewek, Jakub"]
[Black "Oberc, Szymon"]
[Result "0-1"]
[WhiteTitle "II"]
[BlackTitle "II"]
[WhiteElo "1277"]
[BlackElo "1107"]

1. e4 c5 2. Nf3 d6 3. d4 cxd4 4. Nxd4 Nf6 5. f3 g6 6. c4 Bg7 7. Be3 O-O 8. Nc3
Nc6 9. Be2 Bd7 10. Qd2 Rc8 11. b3 Re8 12. Rc1 Qa5 13. g4 Nxd4 14. Bxd4 Bc6 15.
h4 a6 16. Be3 b5 17. Kf2 bxc4 18. Bxc4 h5 19. gxh5 Nxh5 20. Rhg1 Qe5 21. Rg2 Qf6
22. Rh2 Qe5 23. Rh3 Bd7 24. f4 Qf6 25. Rhh1 e5 26. Nd5 Qe6 27. Nc7 Qf6 28. Nxe8
Rxe8 29. f5 gxf5 30. Bg5 Qg6 31. Rcf1 f4 32. Qe2 Kh8 33. Qf3 Ng3 34. Re1 Nxh1+
35. Rxh1 Bc6 36. Bd3 f6 37. Rg1 Qh7 38. Rh1 Qg6 39. Rg1 Qh7 40. Rh1 Kg8 41. Bc4+
Kf8 42. Bd3 fxg5 43. hxg5 Qg6 44. Rg1 Ke7 45. Rc1 Rc8 46. Qg2 Bd7 47. Rd1 Bb5
48. Qg4 Rc3 49. Bb1 Re3 50. Qc8 Re2+ 51. Kf3 Qh5+ 52. Qg4 Re3+ 53. Kf2 Qxg4 0-1

[Event "Druzynowe Mistrzostw Polski Juniorow - II Liga"]
[Site "Wroclaw"]
[Date "1899-12-30"]
[Round "4.59"]
[White "Pietryk, Joanna"]
[Black "Niedorys, Karolina"]
[Result "1-0"]
[WhiteTitle "I"]
[BlackTitle "I+"]
[WhiteElo "1417"]
[BlackElo "1495"]

1. d4 Nf6 2. c4 e6 3. Nc3 c5 4. e3 cxd4 5. exd4 d5 6. cxd5 Nxd5 7. Bc4 Nxc3 8.
bxc3 Bd6 9. Nf3 O-O 10. O-O Bd7 11. Qd3 h6 12. Bb3 Bc6 13. Bc2 f5 14. Qe2 Rf6
15. Bb3 Bxf3 16. Qxf3 Qc7 17. h3 Nd7 18. Re1 Re8 19. Bb2 Kh7 20. c4 e5 21. c5
Bf8 22. dxe5 Nxe5 23. Qf4 Rg6 24. Bxe5 Qc6 25. g3 Be7 26. Bf7 1-0

[Event "Druzynowe Mistrzostw Polski Juniorow - II Liga"]
[Site "Wroclaw"]
[Date "1899-12-30"]
[Round "4.61"]
[White "Lichorad, Mateusz"]
[Black "Sleczka, Krzysztof"]
[Result "1/2-1/2"]
[WhiteTitle "I+"]
[BlackTitle "II+"]
[WhiteElo "1983"]
[BlackElo "1443"]

1. e4 e5 2. Nf3 Nc6 3. Bb5 a6 4. Ba4 Nf6 5. O-O Be7 6. Re1 b5 7. Bb3 O-O 8. c3
d5 9. exd5 Nxd5 10. Nxe5 Nxe5 11. Rxe5 c6 12. d4 Bd6 13. Re1 Qh4 14. g3 Qh3 15.
Qf3 Bg4 16. Qg2 Qh5 17. Be3 Bf3 18. Qf1 f5 19. Nd2 f4 20. Nxf3 fxe3 21. Bd1 Rae8
22. Kg2 Qg6 23. Kh1 Qh6 24. Qg2 g5 25. Bb3 Qf6 26. Rxe3 Rxe3 27. fxe3 Kh8 28.
Bxd5 cxd5 29. Nd2 Qf2 30. Qxf2 Rxf2 31. Rd1 Re2 32. Kg1 g4 33. e4 dxe4 34. Kf1
Rxh2 35. Nxe4 Bc7 36. Rd2 Rxd2 37. Nxd2 Bxg3 38. Ne4 Bf4 39. Nf6 Bc1 40. b3 Bb2
41. Ne4 b4 42. cxb4 Bxd4 43. Kg2 h5 44. Ng3 h4 45. Nf5 h3+ 46. Kg3 Be5+ 47. Kf2
h2 48. Kg2 g3 49. a4 Kg8 50. b5 axb5 51. a5 Bb8 52. Ne7+ Kf7 53. Nc6 Bc7 54. a6
Bb6 55. a7 Bxa7 56. Nxa7 Ke6 57. Nxb5 Kd5 58. Nc3+ Kc5 59. Ne4+ Kb4 1/2-1/2

[Event "Druzynowe Mistrzostw Polski Juniorow - II Liga"]
[Site "Wroclaw"]
[Date "1899-12-30"]
[Round "4.62"]
[White "Frac, Piotr"]
[Black "Mosny, Kamil"]
[Result "0-1"]
[WhiteTitle "II"]
[BlackTitle "I"]
[WhiteElo "1330"]
[BlackElo "1730"]

1. e4 c5 2. Nf3 d6 3. d4 cxd4 4. Nxd4 Nf6 5. Nc3 a6 6. Bc4 e6 7. Bb3 Nbd7 8. O-O
Nc5 9. Re1 Be7 10. f4 Qc7 11. e5 Nfd7 12. Qg4 g6 13. Bxe6 fxe6 14. Nxe6 Nxe6 15.
Qxe6 Nc5 16. Qxd6 Ne6 17. Qd3 Nc5 18. Nd5 Nxd3 19. Nxc7+ Kd8 20. cxd3 Kxc7 21.
d4 Be6 22. Be3 Rac8 23. Red1 Bd5 24. g4 Rcf8 25. Rac1+ Kd7 26. Rf1 h5 27. h3 hxg4
28. hxg4 Rh3 29. Kf2 Rh2+ 30. Ke1 Bb4+ 31. Kd1 Bxa2 0-1

[Event "Druzynowe Mistrzostw Polski Juniorow - II Liga"]
[Site "Wroclaw"]
[Date "1899-12-30"]
[Round "4.63"]
[White "Smolinski, Wojciech"]
[Black "Uhryn, Mateusz"]
[Result "1/2-1/2"]
[WhiteTitle "II"]
[BlackTitle "I"]
[WhiteElo "1278"]
[BlackElo "1482"]

1. e4 c5 2. Nf3 Nc6 3. d4 cxd4 4. Nxd4 Nf6 5. Nc3 d6 6. Bc4 e5 7. Nf3 h6 8. O-O
Be7 9. h3 O-O 10. Be3 Na5 11. Bb3 Nxb3 12. cxb3 b6 13. Qe2 Bb7 14. Bd2 Re8 15.
Rfd1 Bf8 16. Rac1 Qe7 17. Nh2 Rad8 18. Ng4 d5 19. Nxf6+ Qxf6 20. exd5 Bxd5 21.
Nxd5 Rxd5 22. Bc3 Red8 23. Rxd5 Rxd5 24. Rd1 Rxd1+ 25. Qxd1 Qg5 26. Bd2 Qf5 27.
Be3 Qe6 28. Qd3 f5 29. Qc4 Qf7 30. Kf1 f4 31. Bd2 a5 32. Bc3 Bd6 33. Ke2 g6 34.
Kf3 Kg7 35. Qe4 Qf6 36. Qb7+ Qf7 37. Qxb6 Qd5+ 38. Ke2 Qe4+ 39. Kf1 Qb1+ 40. Ke2
Qe4+ 41. Kf1 Qb1+ 1/2-1/2

[Event "Druzynowe Mistrzostw Polski Juniorow - II Liga"]
[Site "Wroclaw"]
[Date "1899-12-30"]
[Round "4.65"]
[White "Trybus, Dominika"]
[Black "Luniewska, Daria"]
[Result "1-0"]
[WhiteTitle "I++"]
[BlackTitle "I"]
[WhiteElo "1532"]
[BlackElo "1419"]

1. e4 c5 2. Nf3 Nc6 3. c3 d5 4. exd5 Qxd5 5. d4 Nf6 6. Be3 cxd4 7. cxd4 Bg4 8.
Be2 e6 9. Nc3 Qd6 10. O-O Be7 11. Qd2 O-O 12. Rfd1 Rfd8 13. h3 Bh5 14. g4 Bg6
15. Bf1 Ne4 16. Qe2 a6 17. Rac1 Nb4 18. Ne5 Nxc3 19. bxc3 Nd5 20. Bg2 Nxe3 21.
fxe3 Rab8 22. c4 Bf6 23. c5 Qc7 24. Nc4 b5 25. cxb6 Qg3 26. Qf2 Qxf2+ 27. Kxf2
Bh4+ 28. Kg1 h5 29. Rc3 hxg4 30. hxg4 e5 31. Ra3 exd4 32. exd4 Bg3 33. Rxg3 1-0

[Event "Druzynowe Mistrzostw Polski Juniorow - II Liga"]
[Site "Wroclaw"]
[Date "1899-12-30"]
[Round "4.66"]
[White "Klintsevich, Aliaksandra"]
[Black "Zylak, Emilia"]
[Result "1-0"]
[WhiteTitle "I"]
[BlackTitle "III"]
[WhiteElo "1428"]
[BlackElo "1000"]

1. d4 d5 2. c4 e6 3. Nc3 a6 4. Bf4 Nf6 5. e3 Bd6 6. Bxd6 Qxd6 7. Nf3 Nbd7 8. Qc2
b6 9. cxd5 exd5 10. Bd3 Bb7 11. O-O O-O 12. Rac1 Rac8 13. Qe2 Ra8 14. Nd2 c5 15.
Qf3 c4 16. Bxc4 dxc4 17. Qxb7 b5 18. Qf3 Qb6 19. Nde4 Rfd8 20. Rfd1 Kf8 21. h3
h6 22. Nxf6 Nxf6 23. e4 Nd7 24. Nd5 Qa7 25. Qf5 Rab8 26. Qh7 f6 27. Rc3 Kf7 28.
Rg3 Rg8 29. Qg6+ Ke6 30. Nf4+ Ke7 31. e5 Kd8 32. Qf7 Kc7 33. Nd5+ Kb7 34. Qxd7+
Ka8 35. Nc7+ Qxc7 36. Qxc7 fxe5 37. dxe5 Rb7 38. Rd8+ Rxd8 39. Qxd8+ Ka7 40. e6
g5 41. e7 Rb8 42. Qd7+ Rb7 43. Qd4+ Ka8 44. e8=R+ Rb8 45. Rxb8+ Kxb8 46. Qd7 Ka8
47. Re3 Kb8 48. Re8# 1-0

[Event "Druzynowe Mistrzostw Polski Juniorow - II Liga"]
[Site "Wroclaw"]
[Date "1899-12-30"]
[Round "4.67"]
[White "Kaczmarek, Jan"]
[Black "Borkowski, Stanislaw"]
[Result "1-0"]
[WhiteTitle "II+"]
[BlackTitle "I"]
[WhiteElo "1596"]
[BlackElo "1734"]

1. e4 c5 2. Nf3 d6 3. Bb5+ Nd7 4. a4 Ngf6 5. Nc3 a6 6. Be2 e6 7. d4 cxd4 8. Qxd4
Qc7 9. O-O Be7 10. Bg5 O-O 11. Rad1 b6 12. Nd2 Bb7 13. Nc4 d5 14. exd5 exd5 15.
Ne3 Rad8 16. Nf5 Bc5 17. Qh4 1-0

[Event "Druzynowe Mistrzostw Polski Juniorow - II Liga"]
[Site "Wroclaw"]
[Date "1899-12-30"]
[Round "4.68"]
[White "Lewandowski, Witold"]
[Black "Gluszynski, Michal"]
[Result "1-0"]
[WhiteTitle "I"]
[BlackTitle "II"]
[WhiteElo "1547"]
[BlackElo "1513"]

1. e4 c5 2. Nf3 d6 3. c3 Nf6 4. Bd3 e6 5. O-O Be7 6. Bc2 c4 7. d3 cxd3 8. Qxd3
Nbd7 9. Be3 O-O 10. Nbd2 Qc7 11. Rad1 b6 12. Rfe1 1-0

[Event "Druzynowe Mistrzostw Polski Juniorow - II Liga"]
[Site "Wroclaw"]
[Date "1899-12-30"]
[Round "4.69"]
[White "Skrzypinski, Jan"]
[Black "Stanislawski, Karol"]
[Result "1/2-1/2"]
[WhiteTitle "I"]
[BlackTitle "I"]
[WhiteElo "1647"]
[BlackElo "1678"]

1. e4 c5 2. Nf3 g6 3. d4 cxd4 4. Qxd4 Nf6 5. e5 Nc6 6. Qa4 Nd5 7. Qe4 Nb6 8. Bf4
d5 9. exd6 Bf5 10. Qe2 Nd5 11. Be5 f6 12. Bg3 e5 13. Nxe5 1/2-1/2

[Event "Druzynowe Mistrzostw Polski Juniorow - II Liga"]
[Site "Wroclaw"]
[Date "1899-12-30"]
[Round "4.70"]
[White "Gorecki, Michal"]
[Black "Stachowiak, Bruno"]
[Result "1/2-1/2"]
[WhiteTitle "II"]
[BlackTitle "II"]
[WhiteElo "1311"]
[BlackElo "1462"]

1. e4 c5 2. Nf3 Nc6 3. Bb5 g6 4. O-O Bg7 5. c3 Nf6 6. Re1 O-O 7. d4 cxd4 8. cxd4
d6 9. Nc3 Bg4 10. Bxc6 bxc6 11. h3 Bc8 12. Qa4 Qc7 13. Bf4 Nh5 14. Bh2 Bd7 15.
Qa3 Bh6 16. e5 Nf4 17. Re4 g5 18. Nxg5 Bxg5 19. Bxf4 Bxf4 20. Rxf4 dxe5 21. dxe5
Qxe5 22. Re4 Qg7 23. Kh1 Kh8 24. Ne2 Rg8 25. Qc3 f6 26. Rg1 e5 1/2-1/2

[Event "Druzynowe Mistrzostw Polski Juniorow - II Liga"]
[Site "Wroclaw"]
[Date "1899-12-30"]
[Round "4.71"]
[White "Niemier, Martyna"]
[Black "Oszutowska, Anna"]
[Result "1/2-1/2"]
[WhiteTitle "II+"]
[BlackTitle "I"]
[WhiteElo "1305"]
[BlackElo "1248"]

1. d4 d5 2. c4 c6 3. Nc3 Nf6 4. Nf3 dxc4 5. a4 Bf5 6. e3 e6 7. Bxc4 Bb4 8. O-O
O-O 9. h3 Nbd7 10. Na2 Be7 11. b3 Qc7 12. Bb2 Rfd8 13. Qe2 c5 1/2-1/2

[Event "Druzynowe Mistrzostw Polski Juniorow - II Liga"]
[Site "Wroclaw"]
[Date "1899-12-30"]
[Round "4.72"]
[White "Lukasik, Aleksandra"]
[Black "Pniewska, Beata"]
[Result "0-1"]
[WhiteTitle "II+"]
[BlackTitle "I"]
[WhiteElo "1127"]
[BlackElo "1361"]

1. e4 e6 2. d4 d5 3. Nd2 c5 4. exd5 exd5 5. Ngf3 Nf6 6. h3 Nc6 7. Bb5 Bd7 8. c3
cxd4 9. Nxd4 Nxd4 10. Bxd7+ Qxd7 11. cxd4 Qe6+ 12. Qe2 Qxe2+ 13. Kxe2 Bd6 14.
Rd1 Kd7 15. f3 Rhe8+ 16. Kf2 Nh5 17. Nb3 Rac8 18. Nc5+ Rxc5 19. g4 Rc2+ 20. Rd2
Bg3+ 21. Kg2 Rxd2+ 22. Bxd2 Re2+ 23. Kf1 Rxd2 24. gxh5 Rxb2 25. Kg1 Bf2+ 26. Kf1
Bxd4 27. Rd1 Rb4 28. a3 Ra4 29. Kg2 Kd6 30. Rb1 b6 31. Rd1 Bc5 32. Kg3 Rxa3 33.
Kg4 Ra4+ 34. f4 Be3 35. Rf1 b5 36. Rf3 Rxf4+ 37. Rxf4 Bxf4 38. Kxf4 b4 39. Kg5
b3 40. h6 gxh6+ 41. Kxh6 b2 42. Kxh7 b1=Q+ 43. Kg7 Qg6+ 44. Kh8 Ke7 45. h4 Kf8
46. h5 Qg7# 0-1

[Event "Druzynowe Mistrzostw Polski Juniorow - II Liga"]
[Site "Wroclaw"]
[Date "1899-12-30"]
[Round "4.73"]
[White "Smuda, Tomasz"]
[Black "Stypka, Sebastian"]
[Result "1-0"]
[WhiteTitle "I"]
[BlackTitle "II"]
[WhiteElo "1515"]
[BlackElo "1373"]

1. d4 d5 2. c4 e6 3. Nf3 c5 4. cxd5 exd5 5. Bg5 Nf6 6. Nc3 Be6 7. Bxf6 Qxf6 8.
e4 cxd4 9. Nxd4 Bc5 10. Nf3 dxe4 11. Bb5+ Nc6 12. Qa4 O-O 13. Bxc6 bxc6 14. Nxe4
Qxb2 15. O-O Qb4 16. Qc2 Bb6 17. Neg5 g6 18. Nxe6 fxe6 19. Qxc6 Qg4 20. h3 Qf5
21. Rae1 Rac8 22. Qa4 Rc2 23. Re5 Qd3 24. Rxe6 Rc4 25. Qb5 Rxf3 26. gxf3 Rg4+
27. hxg4 Qxb5 28. Rfe1 Qc5 29. R1e2 Kf7 30. Kg2 h5 31. R6e5 Qd6 32. gxh5 gxh5
33. Rf5+ Kg7 34. Ree5 Qd2 35. Rg5+ Kf6 36. Ref5+ Ke6 37. Rxh5 Qxf2+ 38. Kh3 Bc7
39. Rhg5 Qh2+ 40. Kg4 Qg3+ 41. Kh5 Qh3+ 42. Kg6 Qh8 43. f4 Bd6 44. Rf7 Qe8 45.
f5+ Ke5 46. f6+ Kf4 47. Rf5+ Ke4 48. Rf1 Kd5 49. Rd1+ Kc6 50. Kg7 Be5 51. Rc1+
Kb6 52. Rb1+ Kc6 53. Rbb7 a5 54. Rbe7 Bxf6+ 55. Rxf6+ Kd5 1-0

[Event "Druzynowe Mistrzostw Polski Juniorow - II Liga"]
[Site "Wroclaw"]
[Date "1899-12-30"]
[Round "4.74"]
[White "Cieply, Krzysztof"]
[Black "Rzepka, Marcin"]
[Result "1/2-1/2"]
[WhiteTitle "I"]
[BlackTitle "II"]
[WhiteElo "1763"]
[BlackElo "1314"]

1. e4 c5 2. Nf3 Nc6 3. d4 cxd4 4. Nxd4 e6 5. Nxc6 bxc6 6. Bd3 d5 7. O-O Nf6 8.
Nd2 Be7 9. Qe2 O-O 10. c4 Bb7 11. b3 c5 12. Bb2 d4 13. e5 Ne8 14. f4 Qd7 15. f5
exf5 16. Bxf5 Qc7 17. e6 f6 18. Ne4 Nd6 19. Nxd6 Bxd6 20. h3 Qe7 21. Bc1 Be5 22.
Bf4 Bxf4 23. Rxf4 g6 24. Rg4 Kh8 25. Bd3 f5 26. Rf4 Rf6 27. Qe5 Qxe6 28. Qxe6
Rxe6 29. b4 Re3 30. Bf1 Be4 31. bxc5 Rc8 32. Rd1 g5 33. Rf2 d3 34. Rfd2 Rxc5 35.
Bxd3 Bxd3 36. Rxd3 Rxd3 37. Rxd3 Rxc4 38. Ra3 Rc7 39. Ra5 g4 40. Kh2 gxh3 41.
Kxh3 Rf7 42. a4 Kg7 43. Kg3 Kg6 44. Kf4 h6 45. Ra6+ Kg7 46. a5 Rb7 47. Kxf5 Kf7
48. g4 Rc7 49. Kf4 Kg7 50. Rd6 Rb7 51. a6 Rc7 52. Kg3 Kh7 53. Rd8 Rc3+ 54. Kh4
Rc7 55. Rb8 Rc1 56. Rb7+ Kg6 57. Rxa7 Rc8 58. Rb7 Rc6 59. Ra7 Rc3 60. Rb7 Ra3
61. a7 Ra4 62. Kg3 Ra1 63. Kf4 Kf6 64. Ke4 Kg6 65. Kd5 Kg5 66. Rg7+ Kf6 67. Rc7
Kg5 1/2-1/2

[Event "Druzynowe Mistrzostw Polski Juniorow - II Liga"]
[Site "Wroclaw"]
[Date "1899-12-30"]
[Round "4.75"]
[White "Kubik, Bartosz"]
[Black "Staniczek, Kacper"]
[Result "1/2-1/2"]
[WhiteTitle "II"]
[BlackTitle "II"]
[WhiteElo "1224"]
[BlackElo "1345"]

1. Nf3 d5 2. g3 Bf5 3. Bg2 e6 4. O-O c5 5. d4 Nc6 6. c3 Nf6 7. Be3 c4 8. Bf4 h6
9. Re1 g5 10. Bc1 Be7 11. Nfd2 h5 12. e4 Nxe4 13. Nxe4 Bxe4 14. Bxe4 dxe4 15.
Rxe4 Qd5 16. Nd2 h4 17. Qf3 hxg3 18. fxg3 Rh7 19. Re3 O-O-O 20. Qxd5 exd5 21.
Nf3 Rdh8 22. Re2 g4 23. Nd2 Bd6 24. Nf1 f5 25. Bf4 Bxf4 26. gxf4 Rh3 27. Ng3 Rf8
28. Rae1 Kd7 1/2-1/2

[Event "Druzynowe Mistrzostw Polski Juniorow - II Liga"]
[Site "Wroclaw"]
[Date "1899-12-30"]
[Round "4.77"]
[White "Seemann, Lena"]
[Black "Lach, Alicja"]
[Result "1/2-1/2"]
[WhiteTitle "II"]
[BlackTitle "I"]
[WhiteElo "1081"]
[BlackElo "1367"]

1. e4 c5 2. Nf3 g6 3. d4 cxd4 4. Qxd4 Nf6 5. Nc3 Nc6 6. Qa4 Bg7 7. Be3 d6 8. e5
Ng4 9. exd6 Nxe3 10. fxe3 Qxd6 11. Rd1 Qc5 12. Rd3 O-O 13. Be2 Nb4 14. Rd2 Bxc3
15. bxc3 Qxc3 16. Qb3 Qxb3 17. axb3 Bf5 18. c3 Nc2+ 19. Kf2 Rac8 20. Bc4 Na3 21.
Ne5 Nxc4 22. Nxc4 Be6 23. Ra1 a6 24. Rad1 b5 25. Nb6 Rc6 26. Nd7 Rfc8 27. b4 Rxc3
28. Nc5 a5 29. Nxe6 fxe6 30. bxa5 Ra3 31. Rd7 Rf8+ 32. Ke2 Ra2+ 33. R1d2 Rxa5
34. Rxe7 Rf7 35. Rxe6 Raa7 36. Rb6 Rab7 37. Rd8+ Kg7 38. Rb8 Ra7 39. Rxb5 Rac7
40. Rb2 Rc1 41. R8b7 Rxb7 42. Rxb7+ Kh6 43. Kf3 Re1 44. e4 g5 45. Re7 Kg6 46.
Kf2 Ra1 47. g4 Ra2+ 48. Kg3 Ra3+ 49. Kf2 Ra2+ 50. Ke3 Rxh2 51. e5 Rh1 52. Rd7
Re1+ 53. Kf3 Rxe5 54. Rd6+ Kf7 55. Rd7+ Re7 56. Rd5 h6 57. Rd6 Kg7 58. Rd1 Re6
59. Rh1 Kg6 60. Rh5 Rf6+ 61. Kg3 Rf7 62. Kg2 Rf4 63. Kg3 Kg7 64. Rh2 Kg6 65. Rh5
Re4 66. Kf3 Rd4 67. Kg3 Rd3+ 68. Kg2 Kg7 69. Rh1 Re3 70. Kf2 Re8 71. Kg3 Kg6 72.
Rh5 Rh8 73. Kf3 Rh7 74. Kg3 Rf7 75. Kg2 Rf8 76. Kg3 Rf4 1/2-1/2

[Event "Druzynowe Mistrzostw Polski Juniorow - II Liga"]
[Site "Wroclaw"]
[Date "1899-12-30"]
[Round "4.79"]
[White "Sputowski, Jakub"]
[Black "Jaskiewicz, Kacper"]
[Result "1-0"]
[WhiteTitle "I"]
[BlackTitle "I"]
[WhiteElo "1677"]
[BlackElo "1756"]

1. e4 c5 2. Nf3 Nc6 3. d4 cxd4 4. Nxd4 Nf6 5. Nc3 e5 6. Ndb5 d6 7. Nd5 Nxd5 8.
exd5 Nb8 9. a4 Be7 10. Be2 O-O 11. O-O f5 12. f4 Nd7 13. Kh1 a6 14. Na3 Bf6 15.
Nc4 Nc5 16. Be3 Ne4 17. Bf3 exf4 18. Bxf4 g5 19. Bxe4 gxf4 20. Bd3 Bg5 21. Qh5
Kh8 22. Nxd6 Qxd6 23. Qxg5 Qxd5 24. Qxf4 Bd7 25. Bc4 Qc6 26. Qd4+ Rf6 27. Rae1
Raf8 28. Re7 Bc8 29. Rf4 Qxa4 30. Rxh7+ Kxh7 31. Bg8+ Kxg8 32. Qxa4 b5 33. Qb3+
Be6 34. Qg3+ Kf7 35. Rd4 Re8 36. h3 Rg6 37. Qe5 Reg8 38. Rd6 Rf6 39. Rxa6 Rg5
40. Qxb5 Rg3 41. Qe5 Rg8 42. Qc7+ Kg6 43. Qg3+ Kh6 44. Qxg8 Bxg8 45. Rxf6+ Kg5
46. Rf8 Bd5 47. Rd8 Be4 48. c4 Kf4 49. b4 Kg3 50. Kg1 Kf4 51. Rd4 Ke3 52. Rd8
Ke2 53. b5 Bb7 54. c5 Be4 55. c6 f4 56. Re8 Kd3 57. Rxe4 1-0

[Event "Druzynowe Mistrzostw Polski Juniorow - II Liga"]
[Site "Wroclaw"]
[Date "1899-12-30"]
[Round "4.80"]
[White "Stepinski, Piotr"]
[Black "Zaborski, Igor"]
[Result "1-0"]
[WhiteTitle "I"]
[BlackTitle "II+"]
[WhiteElo "1568"]
[BlackElo "1526"]

1. e4 c6 2. d4 d5 3. f3 g6 4. Nc3 Bg7 5. e5 e6 6. f4 b6 7. Nf3 Ne7 8. Be3 Ba6 9.
Bxa6 Nxa6 10. Qe2 Qc8 11. Bf2 O-O 12. g4 c5 13. Nb5 Qc6 14. h4 Nc7 15. Nxc7 Qxc7
16. c3 cxd4 17. Nxd4 Qc4 18. h5 Qxe2+ 19. Kxe2 g5 20. Bg3 gxf4 21. Bxf4 h6 22.
Rag1 Kh7 23. Rh3 Rac8 24. Re3 Nc6 25. Nxc6 Rxc6 26. g5 hxg5 27. Bxg5 Bh6 28. Bxh6
Kxh6 29. Rf3 Rc4 30. Rgf1 Rh4 31. Rxf7 Rh2+ 32. Kd3 Rxf7 33. Rxf7 Rxb2 34. Rxa7
Kxh5 35. Re7 Rxa2 36. Rxe6 Rb2 37. Rd6 Kg5 38. Rxd5 Kf5 39. Kc4 Rb1 40. Rb5 Rd1
41. Rxb6 Kxe5 42. Kb4 Rb1+ 43. Kc5 Rh1 44. c4 Rh4 45. Rb8 Ke6 46. Rd8 Ke7 47.
Rd1 Rh2 48. Kb5 Rb2+ 49. Kc6 Re2 50. c5 Re3 51. Kc7 Re5 52. c6 Re2 53. Kc8 Re6
54. c7 Re2 55. Rb1 1-0